1752 1870 1735 1144 1058 1819 1762 1616 1778 1643 1953 1362 1165 1116 1771 1323 1281 1297 1200 1667 1225 1592 1960 1696 1031 1999 1236 1024 1694 1881 1711 1988 1396 1008 1727 1855 1159 1940 1654 1856 1974 1671 1214 1611 1836 1374 1695 1538 1646 1688 1221 1324 1990 1500 1899 1329 1210 1080 1694 1334 1183 1075 1069 1970 1160 1087 1199 1762 1675 1831 1618 1444 1159 1254 1216 1382 1296 1277 1071 1080 1903 1613 1579 1290 1637 1826 1280 1083 1795 1292 1927 1411 1132 1588 1935 1435 1835 1940 1422 BCNSPRNW ULIB Ver.6.0+V

เปลี่ยนเป็นภาษาไทย

Change to English
 แสดงรายละเอียดบรรณานุกรม
  กลับหน้าหลัก

Brief Record : Get Marc (ISO 2709) : E-mail record : QR code < ปิดหน้าต่าง
LEADER : 00000nam 2200000uu 4500
001    13399124452
003     ULIB
008    150723s2557||||th 000 0 tha d
020    ^a9786169153450
060  4 ^aWX218^bพ872
245 00 ^aCritical care medicine :^bThe smart ICU /^cบรรณาธิการ ดุสิต สถาวร
246 0  ^aThe smart ICU
250    ^aพิมพ์ครั้งที่ 1
260    ^aกรุงเทพฯ :^bสมาคมเวชบำบัดวิกฤตแห่งประเทศไทย,^c2557
300    ^aviii, 676 หน้า :^bภาพประกอบ
650  7 ^aการดูแลขั้นวิกฤต
650  7 ^aผู้ป่วยหนัก^xการรักษา
650  7 ^aผู้ป่วยหนัก^xการพยาบาล
650  7 ^aผู้ป่วยหนัก, การดูแล
650  7 ^aผู้ป่วยหนัก^xภาวะแทรกซ้อน^xการรักษา
694    ^aHealth sciences branch
700 0  ^aดุสิต สถาวร,^eบรรณาธิการ
710 2  ^aสมาคมเวชบำบัดวิกฤตแห่งประเทศไทย
945    ^p660^l0^i039683
945    ^p660^l0^i039684
945    ^p660^l0^i039685
945    ^p660^l0^i039686
945    ^p660^l0^i000775
945    ^p660^l0^i000776
945    ^p660^l0^i000777
999    ^aเกษร โพธิ์สุวรรณ
รายการนี้ยังไม่มีแท็ก
คุณยังไม่ได้ล็อกอิน คุณสามารถมีกิจกรรมร่วมกับเว็บไซต์ได้ แต่ต้องล็อกอินก่อน ::
  ล็อกอิน

รายการสื่อสารสนเทศ

ลำดับที่ ประเภท เลขเรียก/บาร์โค้ด สถานที่ สถานะ
1. วิทยาศาสตร์การแพทย์ และสุขภาพ
วิทยาศาสตร์การแพทย์ และสุขภาพ
สถานะ=หนังสือเก่า
WX218 พ872 ฉ.1 
  Barcode: 039683
ห้องสมุดวิทยาเขตสวรรค์ประชารักษ์
►ส่วนจัดเก็บหนังสือเก่า สปร
บนชั้น
  ขอยืม
2. วิทยาศาสตร์การแพทย์ และสุขภาพ
วิทยาศาสตร์การแพทย์ และสุขภาพ
สถานะ=หนังสือเก่า
WX218 พ872 ฉ.2 
  Barcode: 039684
ห้องสมุดวิทยาเขตสวรรค์ประชารักษ์
►ส่วนจัดเก็บหนังสือเก่า สปร
บนชั้น
  ขอยืม
3. วิทยาศาสตร์การแพทย์ และสุขภาพ
วิทยาศาสตร์การแพทย์ และสุขภาพ
สถานะ=หนังสือเก่า
WX218 พ872 ฉ.3 
  Barcode: 039685
ห้องสมุดวิทยาเขตสวรรค์ประชารักษ์
►ส่วนจัดเก็บหนังสือเก่า สปร
บนชั้น
  ขอยืม
4. วิทยาศาสตร์การแพทย์ และสุขภาพ
วิทยาศาสตร์การแพทย์ และสุขภาพ
สถานะ=หนังสือเก่า
WX218 พ872 ฉ.4 
  Barcode: 039686
ห้องสมุดวิทยาเขตสวรรค์ประชารักษ์
►ส่วนจัดเก็บหนังสือเก่า สปร
บนชั้น
  ขอยืม
5. Book การพยาบาล
Book การพยาบาล
สถานะ=หนังสือเก่า
WX218 พ872 ฉ.5 
  Barcode: 000775
ห้องสมุดวิทยาเขตสวรรค์ประชารักษ์
►ส่วนจัดเก็บหนังสือเก่า สปร
บนชั้น
  ขอยืม
6. Book การพยาบาล
Book การพยาบาล
สถานะ=หนังสือเก่า
WX218 พ872 ฉ.6 
  Barcode: 000776
ห้องสมุดวิทยาเขตสวรรค์ประชารักษ์
►ส่วนจัดเก็บหนังสือเก่า สปร
บนชั้น
  ขอยืม
7. Book การพยาบาล
Book การพยาบาล
สถานะ=หนังสือเก่า
WX218 พ872 ฉ.7 
  Barcode: 000777
ห้องสมุดวิทยาเขตสวรรค์ประชารักษ์
►ส่วนจัดเก็บหนังสือเก่า สปร
บนชั้น
  ขอยืม

รายการใกล้เคียง
    หัวเรื่อง [การดูแลขั้นวิกฤต]
    หัวเรื่อง [ผู้ป่วยหนัก, การดูแล]

BibComment


ยังไม่เคยถูกคอมเมนท์

คอมเมนท์ทรัพยากรรายการนี้
  คอมเมนท์: Critical care me..


 Copyright 2026. Bcnsprnw @Library